| 000 | 00806nam a22002297a 4500 | ||
|---|---|---|---|
| 005 | 20170124110036.0 | ||
| 010 | _aA-284038 | ||
| 020 |
_c45.00 _a0876924461 |
||
| 035 | _aA-284038 | ||
| 037 | _bCen Lib/Ret | ||
| 040 |
_aDPL _bEN |
||
| 082 |
_a813.6 _bHAW |
||
| 100 |
_aHawthorne, Nathaniel _922633 |
||
| 245 |
_aThe scarlet letter : _cby Nathaniel Hawthorne;edited by Sculley Bradley...[et al.] _ban authoritative text backgrounds and sources criticism / |
||
| 250 |
_a2nd ed _bA norton critical edition |
||
| 260 |
_bPrentice Hall Of India Private Limited _aNew Delhi _c1986 |
||
| 270 |
_aM-97, Connaught Circus _bNew Delhi _e110001 |
||
| 300 |
_ax,184p. _c20cm(Hb) |
||
| 650 |
_aFICTION -- General. _922634 |
||
| 700 |
_aBradley, Sculley _972036 |
||
| 942 |
_2ddc _cEN _h813.6 _mHAW |
||
| 999 |
_c128181 _d128181 |
||